000 00414pab a2200157 454500
008 180718b1998 xxu||||| |||| 00| 0 eng d
100 _aGoyal, Narendra
245 _aRepeal of Art 370: an irrational demand
260 _c1998
300 _ap.10-12
362 _a14 Mar
650 _aJammu and Kashmir - Politics and government
650 _aPolitics and government
773 _aYoung Indian
909 _a37030
999 _c37030
_d37030